Reinstating your boundary after extreme weather damage, (Record no. 121270)
[ view plain ]
| 000 -LEADER | |
|---|---|
| fixed length control field | 01038nam a22002177a 4500 |
| 001 - CONTROL NUMBER | |
| control field | 121270 |
| 008 - FIXED-LENGTH DATA ELEMENTS--GENERAL INFORMATION | |
| fixed length control field | 151222s2022 xxk|||||o|||| 00| 0 eng d |
| 041 ## - LANGUAGE CODE | |
| Language code of text/sound track or separate title | eng |
| 110 ## - MAIN ENTRY--CORPORATE NAME | |
| Corporate author | Royal Institution of Chartered Surveyors |
| 245 ## - TITLE STATEMENT | |
| Title | Reinstating your boundary after extreme weather damage, |
| Subtitle | A clear impartial guide |
| Medium | [Electronic resource] |
| 260 ## - PUBLICATION INFORMATION | |
| Place of publication | London, |
| Publisher | Royal Institution of Chartered Surveyors, |
| Date | 14 December 2022 |
| 300 ## - PHYSICAL DESCRIPTION | |
| Physical description | 15p. |
| 490 ## - SERIES TITLE | |
| Series statement | RICS Consumer guide |
| 520 ## - ABSTRACT | |
| Abstract | This guide advises on what steps to take to reinstate a boundary following extreme weather events such as fire, flood or storm damage and where you can go for advice. It replaces and expands on a 2007 guide on reinstating boundaries after flooding. |
| 650 ## - KEYWORDS | |
| Keywords | Flooding |
| 650 ## - KEYWORDS | |
| Keywords | Boundary Disputes |
| 651 ## - SUBJECT ADDED ENTRY--GEOGRAPHIC NAME | |
| Geographic name | United Kingdom |
| 690 ## - BROAD SUBJECT | |
| 9 (RLIN) | 6221 |
| Broad subject | Boundary disputes |
| 856 ## - ONLINE RESOURCE | |
| Uniform Resource Identifier | <a href="https://www.ricsfirms.com/media/1304/reinstating-your-boundary-after-extreme-weather-damage.pdf">https://www.ricsfirms.com/media/1304/reinstating-your-boundary-after-extreme-weather-damage.pdf</a> |
| Public note | Available on rics.org/consumerguides |
| 942 ## - ADDED ENTRY ELEMENTS (KOHA) | |
| Suppress in OPAC | Do not suppress in OPAC |
| Lost status | Damaged status | Not for loan | Home library | Current library | Date acquired | Total Checkouts | Date last seen | Price effective from | Koha item type |
|---|---|---|---|---|---|---|---|---|---|
| Virtual | Virtual | 14/12/2022 | 15/12/2022 | 15/12/2022 | Online material |